Fr. Conceicao Rodrigues College of Engineering

Technology of machine tools (Record no. 21156)

MARC details
000 -LEADER
fixed length control field 00409nam a2200181Ia 4500
082 ## - DEWEY DECIMAL CLASSIFICATION NUMBER
Classification number 621.902/KRA
Item number KRA
100 ## - MAIN ENTRY--PERSONAL NAME
Personal name Krar/Steve F/ Gill/A.R
250 ## - EDITION STATEMENT
Edition statement 6
245 ## - TITLE STATEMENT
Title Technology of machine tools
260 ## - PUBLICATION, DISTRIBUTION, ETC.
Name of publisher, distributor, etc. McGraw Hill International
Place of publication, distribution, etc. New Delhi
Date of publication, distribution, etc. 2005
366 ## - TRADE AVAILABILITY INFORMATION
Publishers's discount category 20
300 ## - PHYSICAL DESCRIPTION
Extent 918
546 ## - LANGUAGE NOTE
Language note ENGLISH
650 ## - SUBJECT ADDED ENTRY--TOPICAL TERM
Topical term or geographic name entry element Machine Tools
654 ## - SUBJECT ADDED ENTRY--FACETED TOPICAL TERMS
Focus term machine tools
942 ## - ADDED ENTRY ELEMENTS (KOHA)
Koha item type BOOK
Holdings
Withdrawn status Lost status Damaged status Not for loan Collection Home library Current library Date acquired Source of acquisition Cost, normal purchase price Inventory number Total Checkouts Full call number Barcode Date last seen Cost, replacement price Price effective from Koha item type
        CRC Fr. Agnel's C.Rodrigues College of Engineering Fr. Agnel's C.Rodrigues College of Engineering 17/03/2023 Professional Book House. 1482.71 329 dt 31/12/2007   621.902/KRA KRA 18157 17/03/2023 1502.71   BOOK